| Tag |
First Indicator |
Second Indicator |
Subfields |
| LEADER |
00000cam a2200000Ia 4500 |
| 001 |
in00002785859 |
| 005 |
20150922145048.0 |
| 008 |
121120s1838 fr 000 1 fre d |
| 035 |
|
|
|a (OCoLC)ocm04727181
|
| 035 |
|
|
|a (OCoLC)4727181
|
| 040 |
|
|
|a YSM
|b eng
|c YSM
|d OCL
|d UMC
|d OCLCQ
|d TXA
|d UtOrBLW
|
| 049 |
|
|
|a TXAM
|
| 050 |
|
4 |
|a PQ6330
|b .A6 1838
|
| 100 |
1 |
|
|a Cervantes Saavedra, Miguel de,
|d 1547-1616.
|
| 240 |
1 |
0 |
|a Novelas ejemplares.
|k Selections.
|l French
|
| 245 |
1 |
4 |
|a Les nouvelles de Miguel de Cervantès Saavedra /
|c traduits et annotées par Louis Viardot.
|
| 264 |
|
1 |
|a Paris :
|b J.-J. Dubochet,
|c 1838.
|
| 300 |
|
|
|a 2 volumes ;
|c 22 cm.
|
| 336 |
|
|
|a text
|b txt
|2 rdacontent
|
| 337 |
|
|
|a unmediated
|b n
|2 rdamedia
|
| 338 |
|
|
|a volume
|b nc
|2 rdacarrier
|
| 505 |
0 |
|
|a T. 1. Préface du traducteur -- Prologue au lecteur -- Cornélia -- Rinconète et Cortadillo -- L'amant généreux -- La bohémienne de Madrid -- Les deux jeunes filles -- La tante supposée. T. 2. Le jaloux estrémadurien -- L'Espagnole-Anglais -- L'illustre servante -- La force du sang -- Le mariage trompeur -- Le dialogue des chiens Scipion et Berganza -- Pamphlet littéraire.
|
| 580 |
|
|
|a Forms part of The Eduardo Urbina Cervantes Project Collection.
|
| 700 |
1 |
|
|a Viardot, Louis,
|d 1800-1883.
|
| 776 |
0 |
8 |
|i Online version:
|a Cervantes Saavedra, Miguel de, 1547-1616.
|s Novelas ejemplares. French. Selections.
|t Nouvelles de Miguel de Cervantès Saavedra.
|d Paris : J.-J. Dubochet, 1838
|w (OCoLC)719392459
|
| 948 |
|
|
|a cataloged
|b h
|c 2013/5/3
|d c
|e lschille
|f 1:03:47 pm
|
| 994 |
|
|
|a C0
|b TXA
|
| 999 |
|
|
|a MARS
|
| 999 |
f |
f |
|s 204b20ae-2520-3d46-9f59-0f522ec1b314
|i fb30fb27-e7a6-37af-a484-80d9f6be4f18
|t 0
|
| 952 |
f |
f |
|p noncirc
|a Texas A&M University
|b College Station
|c Cushing Memorial Library & Archives
|d Cushing: Rare Books (Does not check out)
|t 0
|e PQ6330 .A6 1838
|h Library of Congress classification
|i unmediated -- volume
|k t.1
|
| 952 |
f |
f |
|p noncirc
|a Texas A&M University
|b College Station
|c Cushing Memorial Library & Archives
|d Cushing: Rare Books (Does not check out)
|t 0
|e PQ6330 .A6 1838
|h Library of Congress classification
|i unmediated -- volume
|k t.2
|
| 998 |
f |
f |
|a PQ6330 .A6 1838
|s t.1-t.2
|t 0
|l Cushing: Rare Books (Does not check out)
|